Embedded systems architecture (Record no. 158)
[ view plain ]
| 000 -LEADER | |
|---|---|
| Fixed length control field | 00530nam a2200169 4500 |
| 003 - CONTROL NUMBER IDENTIFIER | |
| Control field | SEACOMEC |
| 005 - DATE AND TIME OF LATEST TRANSACTION | |
| Control field | 20240416123242.0 |
| 008 - FIXED-LENGTH DATA ELEMENTS--GENERAL INFORMATION | |
| Fixed length control field | 231006b |||||||| |||| 00| 0 eng d |
| 040 ## - CATALOGING SOURCE | |
| Original cataloging agency | SEACOMEC |
| 082 ## - DEWEY DECIMAL CLASSIFICATION NUMBER | |
| Classification number | 621.392 |
| Book Number | N769 |
| 100 1# - MAIN ENTRY--PERSONAL NAME | |
| Personal name | Noergaard, Tammy |
| 245 1# - TITLE STATEMENT | |
| Title | Embedded systems architecture |
| Sub title | a comprehensive guide |
| Statement of responsibility | Tammy Noergaard |
| 260 ## - IMPRINT | |
| Place of publication | New Delhi |
| Name of publisher | Elsevier |
| Date of publication | 2005 |
| 650 ## - SUBJECT ADDED ENTRY--TOPICAL TERM | |
| Topical term | Applied physics |
| 650 ## - SUBJECT ADDED ENTRY--TOPICAL TERM | |
| Topical term | Electrical, magnetic, optical, communications, computer engineering; electronics, lighting |
| 942 ## - ADDED ENTRY ELEMENTS (KOHA) | |
| Koha item type | Books |
| Withdrawn status | Lost status | Source of classification | Damaged status | Not for loan | Home library | Current library | Date acquired | Total Checkouts | Call number | Accession number | Date last seen | Price effective from | Koha item type |
|---|---|---|---|---|---|---|---|---|---|---|---|---|---|
| Dewey Decimal Classification | SEACOM ENGINEERING COLLEGE | SEACOM ENGINEERING COLLEGE | 03/08/2006 | 621.392 N769 | 5126 | 06/10/2023 | 06/10/2023 | Books |
